000 00436nam a22001817a 4500
003 koha_MIRAKIL
005 20231213095612.0
008 231213b |||||||| |||| 00| 0 ||| d
020 _b978-9-75473127-9
040 _aTR-IsEVY
_btur
_cTR-IsEVY
082 _a810 ZAR/Y
100 _aZarifoğlu, Cahit.
245 0 _aYürekdede ile padişah.
260 _bBeyan,
300 _a87.
650 _aTürk Edebiyatı.
942 _2ddc
_cBK
999 _c6353
_d6353